Besedy ob avtomatike i kibernetike

Na minha lista:
Detalhes bibliográficos
Autor principal: Zalmanzon, Lev Abramovič (Author)
Formato: Livro
Idioma:russo
Publicado em: Moskva : Nauka, 1981
Tags: Adicionar Tag
Sem tags, seja o primeiro a adicionar uma tag!

MARC

LEADER 00000nam a22000003a 4500
001 stu93068
005 20150617225617.6
008 050302s1981----xxr-----------------rus-d
040 |a STU  |b slo 
041 0 |a rus 
044 |a xxr 
080 |a 681.5 
080 |a 007 
100 1 |a Zalmanzon, Lev Abramovič  |4 aut 
245 1 |a Besedy ob avtomatike i kibernetike 
260 |a Moskva :  |b Nauka,  |c 1981 
300 |a 414 s 
996 |b E49038  |c E*49038  |l EE03  |s P  |a 0  |w stu93068_0001